00945nam a2200265 a 4500001001300000003000900013005001700022008004100039020001000080082001600090100003200106245006200138260003500200300000900235500003500244505001000279650002500289700003200314902000800346942000700354952010100361952010100462952010100563999001500664nice12345678IN_TiNIC20260116011410.0050524s1916 luca grp 000 0 per  ac10000a297.82bBAQ aBaqar Md Bin, Mohammad Taqi aHayatul Quloobb Firqa Najia Imamiya: Kitab Khawar Namah. aLucknow bNaval Kishore c1916 a111p aincludes index and biblioraphy2 aIndex aShiah-Imam-doctrines1 aBaqar Md Bin, Mohammad Taqi bSRS cBK 00104070aHMIbHMIcREFd2018-09-06g100.00l0o297.82 BAQp04009r0000-00-00w2026-01-16yBK 00104070aHMIbHMIcREFd2018-09-06g100.00l0o297.82 BAQp04500r0000-00-00w2026-01-16yBK 00104070aHMIbHMIcREFd2018-09-06g100.00l0o297.82 BAQp04639r0000-00-00w2026-01-16yBK c1182d1182